00490nam a2200193 a 4500001001300000003000900013005001700022008004100039020000900080082001800089100001800107245003700125260004200162300000900204500003500213505001300248650001700261700001800278nice12345678IN_TiNIC20260116014611.0050524s2003 alia grp 000 0 urd  ac6000a891.4393bPAR aParwez, Athar aKrishan Chander Aur Un Ke Afsane aAligarhbEducational Book Housec2003 a319p aincludes index and biblioraphy2 aGlossary aUrdu-Fiction1 aParwez, Athar